| Tag |
First Indicator |
Second Indicator |
Subfields |
| LEADER |
00000cam a2200000 4500 |
| 001 |
in00000059407 |
| 005 |
20151007082423.0 |
| 008 |
750702s1926 eng u |
| 010 |
|
|
|a 26013095
|
| 035 |
|
|
|a (OCoLC)01427334
|
| 035 |
|
|
|9 AAF7844AM
|
| 040 |
|
|
|c BOS
|d TXA
|d UtOrBLW
|
| 049 |
|
|
|a TXAM
|c [31761]
|
| 050 |
|
0 |
|a HF5386
|b .L77
|
| 092 |
|
|
|a 174
|b L86f
|
| 100 |
1 |
|
|a Lord, Everett W.
|q (Everett William),
|d 1871-
|
| 245 |
1 |
4 |
|a The fundamentals of business ethics /
|c by Everett W. Lord.
|
| 264 |
|
1 |
|a New York :
|b The Ronald press company,
|c [1926]
|
| 264 |
|
4 |
|c [©1926]
|
| 300 |
|
|
|a volumes 196 pages ;
|c 22 cm.
|
| 336 |
|
|
|a text
|b txt
|2 rdacontent
|
| 337 |
|
|
|a unmediated
|b n
|2 rdamedia
|
| 338 |
|
|
|a volume
|b nc
|2 rdacarrier
|
| 650 |
|
0 |
|a Business ethics.
|
| 999 |
|
|
|a MARS
|
| 999 |
f |
f |
|s f6285e7d-1e4d-31db-b435-80505e0ed1db
|i 97344bc2-238e-31d1-82a1-dfa875e640a9
|t 0
|
| 952 |
f |
f |
|p ric
|a Texas A&M University
|b Rellis Campus
|c Joint Library Facility
|s JLF
|d Remote Storage
|t 0
|e HF5386 .L77
|h Library of Congress classification
|i unmediated -- volume
|m A14800535824
|
| 998 |
f |
f |
|a HF5386 .L77
|t 0
|l Remote Storage
|